000 00404nam a22001457a 4500
003 MACL
005 20190627153502.0
008 190627b xxu||||| |||| 00| 0 eng d
040 _c MACL
100 _aGohel ,Nikhil Batukbhai
_975616
245 _aRole of University's Libraries in the Development of India
260 _aDelhi
_bNeeraj Pub
_c2016
650 _aLibrary Science
_957
942 _2ddc
_cBK
999 _c60312
_d60312